Ghazal Intikhab - غزل انتیخاب (Record no. 534321)
[ view plain ]
| 000 -LEADER | |
|---|---|
| fixed length control field | 00274nam a22001097a 4500 |
| 040 ## - CATALOGING SOURCE | |
| Transcribing agency | MSOHAIL |
| 082 ## - DEWEY DECIMAL CLASSIFICATION NUMBER | |
| Classification number | 891.4391 |
| 100 ## - MAIN ENTRY--PERSONAL NAME | |
| Personal name | Rahbar Danishmand - رہبردانشمند |
| 9 (RLIN) | 28465 |
| 245 ## - TITLE STATEMENT | |
| Title | Ghazal Intikhab - غزل انتیخاب |
| 300 ## - PHYSICAL DESCRIPTION | |
| Extent | v.p |
| 942 ## - ADDED ENTRY ELEMENTS (KOHA) | |
| Source of classification or shelving scheme | |
| Koha item type | Book |
| Withdrawn status | Lost status | Source of classification or shelving scheme | Damaged status | Not for loan | Permanent Location | Current Location | Date acquired | Total Checkouts | Full call number | Barcode | Date last seen | Date last checked out | Price effective from | Koha item type |
|---|---|---|---|---|---|---|---|---|---|---|---|---|---|---|
| School of Civil and Environmental Engineering (SCEE) | School of Civil and Environmental Engineering (SCEE) | 02/14/2020 | 1 | 891.4391 | NIT-9759 | 09/12/2022 | 07/22/2022 | 02/14/2020 | Book |
